| 000 | 00739nam a2200205 a 4500 | ||
|---|---|---|---|
| 008 | 120416s1973 ||||||||||||||||| || u | ||
| 020 | _a0245508953 | ||
| 050 | _aD 427 Ric | ||
| 100 | _aRichards, Irene | ||
| 245 | 1 | 2 | _aA Sketch-map history of the two World Wars and after 1914-1973 |
| 250 | _a7th ed., revised. | ||
| 260 |
_aLondon, _bHarrap _c1973. |
||
| 300 | _a182p. : ill. | ||
| 350 | _a0.00 | ||
| 490 | _aSketchmap histories | ||
| 650 | 0 | _aAFRICA--HISTORY | |
| 650 | _aHistory, Modern - 20th century - Outlines, syllabi, etc | ||
| 700 | _aMorris, J. A | ||
| 995 |
_D0.00 _FCBU-MAIN LIBRARY (Kitwe) _H1 _I20.90 _M1 _UAVAILABLE _WJun 22, 2006 _ZMain Library Open Access Collection |
||
| 999 |
_c57526 _d57526 |
||